LEADER 01216nam a2200265 u 4500 001 000000003976 003 CaOOAMICUS 005 20070226104611.0 008 940514s1920 wb u000 u ger u 035 $a10105437 040 $aDLC$bita$cOClW$d*BOL*$dCStRLIN$dPUL(R) 041 0 $ager$agrc$alat 100 1 $aMeyer, Paul Martin,$d1865-1946.$0(OLS)http://pul/name/4131 245 10$aJuristische Papyri :$bErklarung von Urkunden zur Einführung in die juristische Papyruskunde /$cvon Paul M. Meyer. 260 $aBerlin :$bWeidmann,$c1920. 300 $axx, 380 p. ;$c24 cm 650 0$aLaw, Egypt.$2//eng$0(OLS)http://pul/subject/3295 650 0$aLaw, Greek.$2//eng$0(OLS)http://pul/subject/2871 650 0$aManuscripts, Greek (Papyri).$2//eng$0(OLS)http://pul/subject/3294 850 $aPUL 852 $aPUL$W1$xDP2 Diritto e Scienze Sociali 1$y65$m186 F 30$j5473$nBK-PRI$qStampati$B5473$CPULBib$Z2$F5473 $82 941 1 $a8 961 $aEx libris: Evaristi Carusi.Timbri: Biblioteca Carusi. 996 $6245$aJuristische Papyri :$bErklarung von Urkunden zur Einführung in die juristische Papyruskunde$9(OLS)http://pul/title/5801 996 $6260$aBerlin :$bWeidmann$9(OLS)http://pul/publisher/49940 LEADER 01249nam a2200277 u 4500 001 000000063993 003 CaOOAMICUS 005 20070226121316.0 008 011112s2001 sp a u000 u spa u 020 $a8481557897 035 $a10909489 040 $aEE$bita$dEFR 100 1 $aGarcía Garrido, Manuel.$0(OLS)http://pul/name/2982 245 13$aEl comercio, los negocios y las finanzas en el mundo romano /$cManuel J. García Garrido. 260 $aMadrid :$bFundación de Estudios Romanos :$bEditorial Dykinson,$cc2001. 300 $a177 p. :$bil. ;$c25 cm 504 $a"Bibliografía": p. 140-160. 650 0$aFinance$zRome$xHistory.$2//eng$0(OLS)http://pul/subject/23858 651 0$aRome$xEconomic conditions.$2//eng$0(OLS)http://pul/subject/3665 850 $aPUL 852 $aPUL$W1$xDP1 Fondo Maccarrone$y58$m1527 E 86$j83013$nBK-PRI$b $qFondi$B83013$CPULBib$Z2$F83013 $H $81 941 1 $a1 961 $aINV: 90407 996 $6020$a8481557897$9(OLS)http://pul/number/83067 996 $6245$aEl comercio, los negocios y las finanzas en el mundo romano$9(OLS)http://pul/title/85283 996 $6260$aMadrid :$bFundación de Estudios Romanos :$bEditorial Dykinson$9(OLS)http://pul/publisher/70759 LEADER 01067nam a2200265 u 4500 001 000000086738 003 CaOOAMICUS 005 20070226124330.0 008 051003s1963 it u000 u ita u 035 $a11061384 040 $aPUL(R)$bita 041 0 $aita$alat$aeng 100 1 $aCanali, Luca,$d1925-$0(OLS)http://pul/name/8836 245 10$aPersonalità e stile di Cesare /$cLuca Canali. 260 $aRoma :$bEdizioni dell'Ateneo,$cc1963. 300 $axi, 198 p. ;$c22 cm 490 1 $aNuovi Saggi ;$v43 504 $aComprende indicazioni bibliografiche. 600 14$aCaesar, Gaius Iulius,$d100-44 a.C.$0(OLS)http://pul/subject/10372 830 0$aNuovi saggi (Edizioni dell'Ateneo) ;$v43.$0(OLS)http://pul/title/299 850 $aPUL 852 $aPUL$W1$xDP1 Fondo Cecchetti$y53$m293 G 8$j110085$nBK-PRI$b $qFondi$B110085$CPULBib$Z2$F110085 $HPUL3463 $81 941 1 $a1 996 $6245$aPersonalità e stile di Cesare$9(OLS)http://pul/title/112331 996 $6260$aRoma :$bEdizioni dell'Ateneo$9(OLS)http://pul/publisher/48364